ALL Degrassi Characters by Relationships - Statistics

General Stats
  • This quiz has been taken 49 times
    35 since last reset
  • The average score is 58 of 163
Answer Stats
Answer % Correct
Manny Santos
100%
Becky Baker
86%
Bianca
86%
Clare Edwards
86%
Drew Torres
86%
Eli Goldsworthy
86%
Emma Nelson
86%
Adam Torres
71%
Alli Bhandari
71%
Craig Manning
71%
Dave Turner
71%
Ellie Nash
71%
Imogen Moreno
71%
Jake Martin
71%
Katie Matlin
71%
KC Guthrie
71%
Mick
71%
Mike Dallas
71%
Anya MacPherson
57%
Ashley Kerwin
57%
Bianca Desousa
57%
Darcy Edwards
57%
Declan Coyne
57%
Fiona Coyne
57%
Frankie Hollingsworth
57%
Grace Cardinal
57%
Holly J Sinclair
57%
Jack Jones
57%
Jay Hogart
57%
Jimmy Brooks
57%
Johnny Dimarco
57%
Lola Pacini
57%
Marco Del Rossi
57%
Maya Matlin
57%
Miles Hollingsworth
57%
Owen Milligan
57%
Paige Michalchuk
57%
Peter Stone
57%
Sav Bhandari
57%
Sean Cameron
57%
Spinner Mason
57%
Tiny Bell
57%
Toby Isaacs
57%
Tristan Milligan
57%
Zig Novak
57%
Zoë Rivas
57%
Alex Nunez
43%
Blue Chessex
43%
Campbell Saunders
43%
Damian Hayes
43%
Danny Van Zandt
43%
Dylan Michalchuk
43%
Eric
43%
Esme Song
43%
Jane Vaughn
43%
Jenna Middleton
43%
Jesse Stefanovic
43%
Jonah Haak
43%
JT Yorke
43%
Leo Lauzon
43%
Liberty Van Zandt
43%
Marisol Lewis
43%
Mia Jones
43%
Mo Mashkour
43%
Rasha Zuabi
43%
Riley Starvos
43%
Shay Powers
43%
Sully
43%
Tim
43%
Winston Chu
43%
Archie Simpson
29%
BLT Thomas
29%
Caitlin Ryan
29%
Carla
29%
Christine Nelson
29%
Connor Delaurier
29%
Daphne Hatzilakos
29%
Derek Wheeler
29%
Dr. Chris
29%
Goldi Nahir
29%
Grant Yates
29%
Harry
29%
Hazel Aden
29%
Hunter Hollingsworth
29%
Joey Jeremiah
29%
Julia
29%
Kendra Mason
29%
Leia Chang
29%
Matt Oleander
29%
Mel
29%
Melanie Brodie
29%
Michelle Accette
29%
Missy
29%
Shane McKay
29%
Stephanie Kaye
29%
Tessa Campanelli
29%
Tori Santamaria
29%
Towerz
29%
Yael Baron
29%
Zane Park
29%
Aaron
14%
Alexa Pappadopoulos
14%
Alex Yankou
14%
Alistair
14%
Amy Peters-Hoffman
14%
Anson
14%
Arlene Takahashi
14%
Blaine
14%
Bobby Beckonridge
14%
Bronco Davis
14%
Chantay Black
14%
Charlie Lima
14%
Chris Sharpe
14%
Cindy
14%
Claude Tanner
14%
Clutch
14%
Crissy
14%
Diane
14%
Dwayne Myers
14%
Erica Farrell
14%
George
14%
Griffin Pierce-Taylor
14%
Gwyneth
14%
Hannah Belmont
14%
Jacinta Morley
14%
Jason
14%
Julia Manning-Jeremiah
14%
Kathleen Mead
14%
Kayla
14%
Keith Barra
14%
Keke
14%
Kelly Ashoona
14%
Lenore Mantino
14%
Lucas Valieri
14%
Lucy Fernandez
14%
Nic
14%
Pam
14%
Patrick
14%
Paul
14%
Penny
14%
Rachel
14%
Rick Munro
14%
Rick Murray
14%
Saad Al'Maliki
14%
Sadie Rowland
14%
Samira
14%
Scott Smith
14%
Simon Dexter
14%
Sydney
14%
Terri MacGregor
14%
Thomas Faron
14%
Todd
14%
Tom
14%
Trina
14%
Trish
14%
Troy Stone
14%
Vanessa
14%
Victoria
14%
Vijay Maraj
14%
Wesley Betenkamp
14%
Winnie Oh
14%
Yick Yu
14%
Yvette
14%
No matching quizzes found
Score Distribution
Percent of People with Each Score
Percentile by Number Answered
Your Score History
You have not taken this quiz since the last reset